• 首页
  • 本馆介绍
  • 公告通知
  • 最新文献
  • 馆藏检索
  • 电子资源
  • 读者导购
  • 参考咨询
  • 我的图书馆
  • 登录
  • 详细信息显示
  • 放入我的书架
  • 预约/预借图书
  • 作者相关作品
  • 分类相关作品
  • 丛书相关作品
  • 出版社相关作品

书目信息

  • 表格格式
  • 工作单格式
  • 卡片格式
题名:
述林
    
 
作者: 张钧 主编
分册: 1   战争阴云下的年轻人
出版信息: 桂林   广西师范大学出版社  2016
页数: 386页
开本: 21cm
丛书名:
单 册:
中图分类: I253.8 , K265.06
科图分类:
主题词: 纪实文学--ji shi wen xue--作品集--中国--当代 , 中国历史--zhong guo li shi--1931-1945--史料
电子资源:
ISBN: 978-7-5495-8929-6
000 01122nam0 22002771 450
001 1754502527
005 20170522155335.93
010    @a978-7-5495-8929-6@dCNY48.00
100    @a20161213d2016 em y0chiy50 ea
101 0  @achi
102    @aCN@b450000
105    @aa z 000zy
106    @ar
200 1  @a述林@9shu lin@h1@i战争阴云下的年轻人@e1931-1945中国往事@f张钧主编
210    @a桂林@c广西师范大学出版社@d2016
215    @a386页@c图,照片@d21cm
300    @a新民说
330    @a本书是中国传媒大学崔永元口述历史研究中团队采集的非虚构纪实文集,团队成员走访了二十一位中国抗日战争的亲历者及其家属,收录了二十一位老人对抗日战争的点滴回忆。这些世纪老人回忆年轻时代遭遇这场战争时迁徙漂泊、辗转求学、敌后杀敌、远征缅甸、文艺抗敌,用故事和细节勾画出一幅普通民众的抗日战争史。
517 1  @a1931-1945中国往事@91931-1945zhong guo wang shi
606 0  @a纪实文学@9ji shi wen xue@x作品集@y中国@z当代
606 0  @a中国历史@9zhong guo li shi@z1931-1945@j史料
690    @aI253.8@v5
690    @aK265.06@v5
701  0 @a张钧@9zhang jun@4主编
801  0 @aCN@b百万庄@c20170512
905    @b1005672-7@dI253.8@e983:1@f6
    
    述林.1.战争阴云下的年轻人:1931-1945中国往事/张钧主编.-桂林:广西师范大学出版社,2016
    386页:图,照片;21cm
    新民说
    
    ISBN 978-7-5495-8929-6:CNY48.00
    本书是中国传媒大学崔永元口述历史研究中团队采集的非虚构纪实文集,团队成员走访了二十一位中国抗日战争的亲历者及其家属,收录了二十一位老人对抗日战争的点滴回忆。这些世纪老人回忆年轻时代遭遇这场战争时迁徙漂泊、辗转求学、敌后杀敌、远征缅甸、文艺抗敌,用故事和细节勾画出一幅普通民众的抗日战争史。
●
相关链接 在E读中查询图书 在五车中查询图书 在当当中查询图书 在豆瓣中查询图书


正题名:述林     索取号:I253.8/983:1         预约/预借

序号 登录号 条形码 馆藏地/架位号 状态 备注
1 1005672   210056721   第一样本阅览室/ [索取号:I253.8/983:1] 在馆    
2 1005673   210056730   教育系资料室/ [索取号:I253.8/983:1] 在馆    
3 1005674   210056749   教育系资料室/ [索取号:I253.8/983:1] 在馆    
4 1005675   210056758   教育系资料室/ [索取号:I253.8/983:1] 在馆    
5 1005676   210056767   第二借阅区/ [索取号:I253.8/983:1] 在馆    
6 1005677   210056776   第二借阅区/ [索取号:I253.8/983:1] 在馆    
唐山师范学院图书馆 欢迎您!
大连网信软件有限公司© 版权所有